TB. OF ADVANCE NURSING PRACTICE (Record no. 27497)

MARC details
000 -LEADER
fixed length control field 00390nam a22001697a 4500
003 - CONTROL NUMBER IDENTIFIER
control field SGT
020 ## - INTERNATIONAL STANDARD BOOK NUMBER
International Standard Book Number 9789356961180
082 ## - DEWEY DECIMAL CLASSIFICATION NUMBER
Classification number 610.73
Item number A23S
100 ## - MAIN ENTRY--PERSONAL NAME
Personal name SONI, SAMTA
245 ## - TITLE STATEMENT
Title TB. OF ADVANCE NURSING PRACTICE
250 ## - EDITION STATEMENT
Edition statement 2ND
260 ## - PUBLICATION, DISTRIBUTION, ETC. (IMPRINT)
Place of publication, distribution, etc INDIA
Name of publisher, distributor, etc JAYPEE PUB
Year of Publication 2023
300 ## - PAGE DESCRIPTION
No. of Pages 716
650 ## - SUBJECT ADDED ENTRY--TOPICAL TERM
Topical term or geographic name as entry element NURSING BOOKS
653 ## - KEYWORDS--INDEX TERM
Keyword term ADVANCE NURSING PRACTICE
942 ## - ADDED ENTRY ELEMENTS (KOHA)
Source of classification or shelving scheme Dewey Decimal Classification
Koha item type Books
942 ## - ADDED ENTRY ELEMENTS (KOHA)
-- 3
Holdings
Withdrawn status Lost status Source of classification or shelving scheme Damaged status Not for loan Collection code Home library Current library Shelving location Date acquired Vendor Name Cost, normal purchase price SGTU Bill Number Full call number Accession No. (Barcode) Date last seen Bill Date Koha item type Total Checkouts Total Renewals Date last borrowed Checked out
    Dewey Decimal Classification   Not For Loan NURSING SGT Medical Library SGT Medical Library Text Book 29/08/2024 ABC DELHI 525.00 SGTU 19450 610.73 A23S FN5601 21/11/2024 29/08/2024 Books        
    Dewey Decimal Classification     NURSING SGT Medical Library SGT Medical Library Text Book 29/08/2024 ABC DELHI 525.00 SGTU 19450 610.73 A23S FN5602 21/05/2026 29/08/2024 Books 7 1 09/05/2026  
    Dewey Decimal Classification     NURSING SGT Medical Library SGT Medical Library Text Book 29/08/2024 ABC DELHI 525.00 SGTU 19450 610.73 A23S FN5603 28/05/2026 29/08/2024 Books 7   28/05/2026 11/06/2026
    Dewey Decimal Classification     NURSING SGT Medical Library SGT Medical Library Text Book 29/08/2024 ABC DELHI 525.00 SGTU 19450 610.73 A23S FN5604 03/06/2026 29/08/2024 Books 8 1 03/06/2026 17/06/2026
    Dewey Decimal Classification     NURSING SGT Medical Library SGT Medical Library Text Book 29/08/2024 ABC DELHI 525.00 SGTU 19450 610.73 A23S FN5605 21/05/2026 29/08/2024 Books 4   07/05/2026